LEADER 01081nam--2200397---450- 001 990001208880203316 005 20031021120828.0 010 $a0-201-48535-4 035 $a000120888 035 $aUSA01000120888 035 $a(ALEPH)000120888USA01 035 $a000120888 100 $a20031021d1999----km-y0itay0103----ba 101 0 $aeng 102 $aUS 105 $aa||-||||001yy 200 1 $aFireWire systems architecture$eIEEE 139a$fDon Anderson 205 $a2 210 $aReading$cAddison-Wesley$dcopyr 1999 215 $aXXXIII, 509 p$cill$d25 cm 410 0$12001 454 1$12001 461 1$1001-------$12001 606 0 $aElaborati elettronici 606 0 $aInterfacciamento 676 $a621.3981 700 1$aANDERSON,$bDon$027954 801 0$aIT$bsalbc$gISBD 912 $a990001208880203316 951 $a621.398 1 AND$b14102 Ing$c621.398 959 $aBK 969 $aTEC 979 $aSIAV2$b10$c20031021$lUSA01$h1208 979 $aPATRY$b90$c20040406$lUSA01$h1726 996 $aFireWire systems architecture$9985920 997 $aUNISA LEADER 01677nam a2200349 i 4500 001 991001603229707536 008 030513s2000 it 000 0 ita 020 $a8878120677 035 $ab12170793-39ule_inst 040 $aBiblioteca Interfacoltà$bita 041 0 $aengita 082 04$a025.324 245 00$aSeminario FRBR =$b[FRBR seminar] : Functional requirements for bibliographic records = Requisiti funzionali per record bibliografici, Firenze, 27-28 gennaio 2000 /$catti a cura di Mauro Guerrini 260 $aRoma :$bAssociazione italiana biblioteche,$c2000 300 $a160, 156 p. ;$c21 cm 500 $aPubbl. bifronte 500 $aIn testa al front.: Associazione italiana biblioteche, Gruppo catalogazione e Sezione Toscana ... [et al.] 650 4$aCatalogazione bibliografica 650 4$aDescrizione bibliografica 700 1 $aGuerrini, Mauro$d<1953- >$eauthor$4http://id.loc.gov/vocabulary/relators/aut$05520 710 22$aAssociazione italiana biblioteche :$bGruppo catalogazione 710 22$aAssociazione italiana biblioteche :$bSezione Toscana 740 02$aFunctional requirements for bibliographic records 740 02$aRequisiti funzionali per record bibliografici 740 02$aFRBR seminar 907 $a.b12170793$b12-05-17$c13-05-03 912 $a991001603229707536 945 $aLE002 Bibl. Ris. 105$g1$i2002000136701$lle002$o-$pE0.00$q-$rn$so $t0$u0$v0$w0$x0$y.i12512965$z13-05-03 945 $aLE025 ECO 025 GUE01.03$g1$i2025000080966$lle025$o-$pE0.00$q-$rl$s- $t0$u1$v1$w1$x0$y.i1200117x$z27-11-02 996 $aSeminario FRBR$91458112 997 $aUNISALENTO 998 $ale002$ale025$b13-05-03$cm$da $e-$fita$git $h0$i0